[Event "Montendre Rapid op"]
[Site "Montendre"]
[Date "2023.02.19"]
[Round "9"]
[White "Colin, Vincent"]
[Black "Maze, Sebastien"]
[Result "0-1"]
[WhiteElo "2370"]
[BlackElo "2538"]
[PlyCount "77"]
[EventDate "2023.02.19"]
[EventType "swiss (rapid)"]
[EventRounds "9"]
[EventCountry "FRA"]
[SourceTitle "CBM 212 Extra"]
[Source "ChessBase"]
[SourceDate "2023.03.31"]
[SourceVersion "1"]
[SourceVersionDate "2023.03.31"]
[SourceQuality "1"]

1. e4 c5 2. Nf3 Nc6 3. Bb5 e6 4. 0-0 Nge7 5. d4 cxd4 6. Nxd4 Qb6 7. Bxc6 bxc6 8. b3 c5 9. Nf3 Bb7 10. Re1 d6 11. Nbd2 Ba6 12. Bb2 Ng6 13. h4 e5 14. Nf1 Be7 15. Ne3 Nf4 16. g3 Ne6 17. Nf5 g6 18. Nxe7 Kxe7 19. Qd2 f6 20. Nh2 h5 21. Rad1 Rad8 22. c3 g5 23. Nf3 Rhg8 24. Kh2 Bb7 25. Bc1 Qc6 26. Qe2 Rdf8 27. Nd2 gxh4 28. Nc4 hxg3+ 29. fxg3 Rd8 30. Qf2 Ng5 31. Bxg5 Rxg5 32. Rf1 f5 33. exf5 h4 34. f6+ Kf7 35. g4 Rxg4 36. Rxd6 Rg2+ 37. Kh3 Rxf2 38. Nxe5+ Ke8 39. Rxd8+ 0-1

[Event "Montendre Blitz op"]
[Site "Montendre"]
[Date "2023.02.18"]
[Round "4"]
[White "Colin, Vincent"]
[Black "Demuth, Adrien"]
[Result "0-1"]
[WhiteElo "2370"]
[BlackElo "2473"]
[PlyCount "134"]
[EventDate "2023.02.18"]
[EventType "swiss (blitz)"]
[EventRounds "11"]
[EventCountry "FRA"]
[SourceTitle "CBM 212 Extra"]
[Source "ChessBase"]
[SourceDate "2023.03.31"]
[SourceVersion "1"]
[SourceVersionDate "2023.03.31"]
[SourceQuality "1"]

1. Nc3 g6 2. h4 Bg7 3. h5 d5 4. d4 Nc6 5. h6 Bxd4 6. Nf3 Bf6 7. Nxd5 Be6 8. e4 Bxd5 9. exd5 Ne5 10. Nxe5 Bxe5 11. Bb5+ Kf8 12. c4 Nf6 13. Qe2 Qd6 14. 0-0 Bh2+ 15. Kh1 Bf4 16. g3 Bxc1 17. Raxc1 g5 18. Rfe1 Rg8 19. c5 Qd8 20. d6 cxd6 21. cxd6 Qxd6 22. Red1 Qe6 23. Qxe6 fxe6 24. Rc7 Rg6 25. Rxb7 Ne4 26. Kg2 Nd6 27. Rxd6 exd6 28. Rxh7 Kg8 29. Rd7 d5 30. h7+ Kh8 31. Bd3 Rg7 32. Rd6 Re7 33. b4 Rb8 34. a4 Rf8 35. Bg6 Kg7 36. Bd3 Ref7 37. Rxe6 Rxf2+ 38. Kh3 R2f3 39. Bc2 Rc3 40. Re7+ Kh8 41. Bg6 Rc4 42. Rb7 d4 43. a5 Rc6 44. Bd3 Rc3 45. Bg6 Rd8 46. Rxa7 d3 47. Bxd3 Rdxd3 48. Kg4 Rxg3+ 49. Kf5 Rgd3 50. Kxg5 Rd5+ 51. Kf6 Rc6+ 52. Ke7 Rb5 53. Kd7 Rc4 54. Rc7 Rcxb4 55. a6 Ra5 56. a7 Rba4 57. Kc6 Rxa7 58. Rc8+ Kxh7 59. Kb5 Ra1 60. Re8 Kg6 61. Re3 Kf5 62. Re8 Rc1 63. Rf8+ Ke6 64. Re8+ Re7 65. Rh8 Rb7+ 66. Ka6 Rb2 67. Rh6+ Ke5 0-1

[Event "FRA-ch Blitz Online Qual"]
[Site "Europe Echecs INT"]
[Date "2020.05.16"]
[Round "2"]
[White "Cocogne, Ludovic"]
[Black "Colin, Vincent"]
[Result "0-1"]
[WhiteElo "1924"]
[BlackElo "2372"]
[PlyCount "88"]
[EventDate "2020.05.16"]
[EventType "swiss (blitz)"]
[EventRounds "15"]
[EventCountry "FRA"]
[SourceTitle "CBM 196 Extra"]
[Source "ChessBase"]
[SourceDate "2020.07.31"]
[SourceVersion "1"]
[SourceVersionDate "2020.07.31"]
[SourceQuality "1"]

1. e4 c5 2. Nf3 d6 3. d4 cxd4 4. Nxd4 Nf6 5. Nc3 g6 6. Be3 Bg7 7. f3 0-0 8. Qd2 Nc6 9. 0-0-0 Nxd4 10. Bxd4 Be6 11. Kb1 Qc7 12. g4 Rfc8 13. h4 Qa5 14. Nd5 Qxd2 15. Rxd2 Bxd5 16. exd5 Nd7 17. Bxg7 Kxg7 18. h5 g5 19. h6+ Kg8 20. Rd1 Ne5 21. Be2 Ng6 22. Bd3 Nf4 23. Be4 a5 24. Rd2 b5 25. Bf5 Rc7 26. Re1 f6 27. Be6+ Kf8 28. Bf5 Kf7 29. Be6+ Kg6 30. Bf5+ Kf7 31. Be6+ Nxe6 32. Rxe6 Rg8 33. Rde2 Rg6 34. b3 Rxh6 35. Kb2 Rh3 36. R2e3 h5 37. gxh5 Rxh5 38. Re2 Rh3 39. R2e3 Rh4 40. Re2 Rd4 41. c4 bxc4 42. bxc4 Rdxc4 43. Kb3 Rb4+ 44. Ka3 Rc3# 0-1

[Event "FRA-ch Blitz Online Qual"]
[Site "Europe Echecs INT"]
[Date "2020.05.16"]
[Round "13"]
[White "Colin, Vincent"]
[Black "Bellahcene, Bilel"]
[Result "0-1"]
[WhiteElo "2372"]
[BlackElo "2501"]
[PlyCount "88"]
[EventDate "2020.05.16"]
[EventType "swiss (blitz)"]
[EventRounds "15"]
[EventCountry "FRA"]
[SourceTitle "CBM 196 Extra"]
[Source "ChessBase"]
[SourceDate "2020.07.31"]
[SourceVersion "1"]
[SourceVersionDate "2020.07.31"]
[SourceQuality "1"]

1. Nf3 Nf6 2. c4 e6 3. Nc3 d5 4. d4 Bb4 5. Bg5 h6 6. Bxf6 Qxf6 7. cxd5 exd5 8. e3 0-0 9. Bd3 c6 10. h3 Be6 11. 0-0 Nd7 12. Rc1 Bd6 13. a3 a5 14. e4 dxe4 15. Nxe4 Qe7 16. Qd2 Bc7 17. Rfe1 Rfe8 18. Nc5 Nxc5 19. Rxc5 Rad8 20. Bb1 Qf6 21. Qc3 Bd5 22. Ne5 g6 23. Qg3 Qg5 24. Qxg5 hxg5 25. Rcc1 Kg7 26. Kf1 Be6 27. Red1 Bb3 28. Rd3 Be6 29. Nf3 Bd5 30. Nd2 Bb6 31. Nc4 Bc7 32. Ne3 Be4 33. Rd2 Bf4 34. Ke2 Bxg2 35. Ba2 Bxh3 36. d5 Bg4+ 37. Kf1 Bxe3 38. fxe3 Rxe3 39. d6 Be6 40. Rc5 Bxa2 41. Rxa5 Bd5 42. Ra7 Rxd6 43. Rxb7 Rf6+ 44. Kg1 Rf4 0-1

[Event "FRA-ch Blitz Online Qual"]
[Site "Europe Echecs INT"]
[Date "2020.05.16"]
[Round "4"]
[White "Colin, Vincent"]
[Black "Mekhane, Adam"]
[Result "1-0"]
[WhiteElo "2372"]
[BlackElo "2013"]
[PlyCount "99"]
[EventDate "2020.05.16"]
[EventType "swiss (blitz)"]
[EventRounds "15"]
[EventCountry "FRA"]
[SourceTitle "CBM 196 Extra"]
[Source "ChessBase"]
[SourceDate "2020.07.31"]
[SourceVersion "1"]
[SourceVersionDate "2020.07.31"]
[SourceQuality "1"]

1. e4 c5 2. Nf3 Nc6 3. Bb5 g6 4. 0-0 Bg7 5. c3 Nf6 6. Re1 0-0 7. h3 d5 8. e5 Ne8 9. d4 cxd4 10. cxd4 Nc7 11. Bxc6 bxc6 12. b3 Ne6 13. Ba3 Bb7 14. Nc3 c5 15. Bxc5 Nxc5 16. dxc5 Qa5 17. Qd4 Rad8 18. b4 Qc7 19. Rad1 f6 20. e6 f5 21. Ne5 Rf6 22. Nb5 Qc8 23. Nxa7 Qxe6 24. c6 Ba8 25. c7 Rdf8 26. c8Q Rxc8 27. Nxc8 Qxc8 28. Rc1 Qd8 29. Qa7 Re6 30. f4 d4 31. Qa5 Qe8 32. Rcd1 h6 33. Rxd4 Kh7 34. Rd2 Qc8 35. Rde2 Qb7 36. a4 Rd6 37. Qc5 h5 38. b5 Rd5 39. Qc6 Qb8 40. Qxg6+ Kg8 41. Qf7+ Kh7 42. Qxh5+ Kg8 43. Qf7+ Kh8 44. Ng6+ Kh7 45. Nxe7 Qa7+ 46. Kh2 Rd6 47. Qxf5+ Kh8 48. Qh5+ Rh6 49. Qe8+ Kh7 50. Qg8# 1-0

[Event "FRA-ch Blitz Online Qual"]
[Site "Europe Echecs INT"]
[Date "2020.05.16"]
[Round "10"]
[White "Eden, James"]
[Black "Colin, Vincent"]
[Result "0-1"]
[WhiteElo "2330"]
[BlackElo "2372"]
[PlyCount "110"]
[EventDate "2020.05.16"]
[EventType "swiss (blitz)"]
[EventRounds "15"]
[EventCountry "FRA"]
[SourceTitle "CBM 196 Extra"]
[Source "ChessBase"]
[SourceDate "2020.07.31"]
[SourceVersion "1"]
[SourceVersionDate "2020.07.31"]
[SourceQuality "1"]

1. e4 Nc6 2. Nc3 e5 3. Nf3 Nf6 4. d4 exd4 5. Nxd4 Bb4 6. Nxc6 bxc6 7. Bd3 d5 8. exd5 cxd5 9. 0-0 0-0 10. h3 Be6 11. Qf3 Be7 12. Bf4 c5 13. Rad1 Qa5 14. Be5 Rfd8 15. a3 Rac8 16. Rfe1 Qb6 17. Qg3 Bd6 18. Bxd6 Qxd6 19. Qg5 h6 20. Qd2 d4 21. Ne4 Nxe4 22. Bxe4 c4 23. Qa5 Qb6 24. Qxb6 axb6 25. Re2 Rd6 26. Red2 Rcd8 27. a4 Kf8 28. f4 f5 29. Bf3 Ke7 30. Re1 Kf6 31. Kf2 g5 32. g3 d3 33. cxd3 Rxd3 34. Rxd3 cxd3 35. fxg5+ hxg5 36. h4 g4 37. Bd1 Bd5 38. Ke3 Be4 39. Kd2 Ke5 40. Bb3 Kd4 41. Rc1 Rd6 42. Rc4+ Ke5 43. Rc8 f4 44. Re8+ Kd4 45. gxf4 g3 46. Rg8 g2 47. f5 Rh6 48. Be6 Ke5 49. Bd7 Kd6 50. Bc8 Rxh4 51. f6 Rf4 52. Bh3 Rxf6 53. Ke3 d2 54. Kxd2 Bd5 55. Ke3 Bxg8 0-1

[Event "Rochefort op-A 19th"]
[Site "Rochefort"]
[Date "2020.02.28"]
[Round "9"]
[White "Colin, Vincent"]
[Black "Vorobiov, Evgeny E"]
[Result "0-1"]
[WhiteElo "2359"]
[BlackElo "2520"]
[PlyCount "80"]
[EventDate "2020.02.22"]
[EventType "swiss"]
[EventRounds "9"]
[EventCountry "FRA"]
[SourceTitle "CBM 195 Extra"]
[Source "ChessBase"]
[SourceDate "2020.05.31"]
[SourceVersion "1"]
[SourceVersionDate "2020.05.31"]
[SourceQuality "1"]

1. e4 c5 2. Nc3 Nc6 3. Bb5 Nd4 4. Nf3 a6 5. Bd3 Nc6 6. 0-0 g6 7. e5 Bg7 8. Re1 Nh6 9. Be4 Nd4 10. d3 d6 11. exd6 Qxd6 12. Nxd4 cxd4 13. Nd5 0-0 14. a4 e6 15. Bf4 e5 16. Bxh6 Bxh6 17. a5 Be6 18. Nb6 Rab8 19. Qf3 Bd2 20. Re2 Bxa5 21. Rxa5 Qxb6 22. Rxe5 Qxb2 23. g4 Rbc8 24. c4 Qc1+ 25. Kg2 b5 26. cxb5 axb5 27. Rxb5 Qd1 28. Kg3 Rc3 29. Rb4 Rd8 30. Qf6 Qg1+ 31. Bg2 Rxd3+ 32. f3 Rf8 33. h4 Bd5 34. Kf4 Qc1+ 35. Kg3 Qg1 36. Kf4 Qc1+ 37. Kg3 Re3 38. Reb2 Qg1 39. Kf4 Re6 40. Qxd4 Qh2+ 0-1

[Event "Rochefort op-A 19th"]
[Site "Rochefort"]
[Date "2020.02.22"]
[Round "4"]
[White "Colin, Vincent"]
[Black "Lamaze, Simon"]
[Result "1-0"]
[WhiteElo "2359"]
[BlackElo "2185"]
[PlyCount "46"]
[EventDate "2020.02.22"]
[EventType "swiss"]
[EventRounds "9"]
[EventCountry "FRA"]
[SourceTitle "CBM 195 Extra"]
[Source "ChessBase"]
[SourceDate "2020.05.31"]
[SourceVersion "1"]
[SourceVersionDate "2020.05.31"]
[SourceQuality "1"]

1. e4 c5 2. Nf3 Nc6 3. Bb5 g6 4. 0-0 Bg7 5. c3 e5 6. Na3 Nge7 7. Nc4 d5 8. exd5 Qxd5 9. Qa4 Rb8 10. d4 cxd4 11. cxd4 e4 12. Bf4 exf3 13. Ne3 Qh5 14. Bxb8 0-0 15. Bd6 Nxd4 16. Rfd1 a6 17. Bf1 b5 18. Qa3 Nec6 19. Qc5 Qh4 20. g3 Qe4 21. Bxf8 Bxf8 22. Rxd4 Nxd4 23. Qxc8 f5 1-0

[Event "Rochefort op-A 19th"]
[Site "Rochefort"]
[Date "2020.02.22"]
[Round "2"]
[White "Colin, Vincent"]
[Black "Sabatier, Mathis"]
[Result "1-0"]
[WhiteElo "2359"]
[BlackElo "2089"]
[PlyCount "121"]
[EventDate "2020.02.22"]
[EventType "swiss"]
[EventRounds "9"]
[EventCountry "FRA"]
[SourceTitle "CBM 195 Extra"]
[Source "ChessBase"]
[SourceDate "2020.05.31"]
[SourceVersion "1"]
[SourceVersionDate "2020.05.31"]
[SourceQuality "1"]

1. Nf3 d5 2. g3 g6 3. Bg2 Bg7 4. 0-0 e5 5. d3 Ne7 6. Na3 0-0 7. Rb1 h6 8. c4 Nbc6 9. b4 e4 10. Ne1 exd3 11. Nxd3 dxc4 12. Nxc4 Be6 13. b5 Bxc4 14. bxc6 bxc6 15. Qc2 Bxd3 16. exd3 Nd5 17. Ba3 Re8 18. Qxc6 Nc3 19. Rb7 Be5 20. Qc4 Qf6 21. Bc5 Ne2+ 22. Kh1 Rad8 23. Rxa7 Qf5 24. f4 Bg7 25. Rxc7 Rc8 26. g4 Qf6 27. g5 Qf5 28. Bh3 Ng3+ 29. Kg2 Rxc7 30. Bxf5 Nxf1 31. Qb5 Rd8 32. Kxf1 gxf5 33. gxh6 Rdc8 34. d4 Bxh6 35. Qd3 Ra8 36. a3 Rc6 37. Qxf5 Re8 38. Kf2 Rce6 39. Qg4+ Rg6 40. Qh4 Re4 41. Qd8+ Kh7 42. Qd5 Rxf4+ 43. Ke2 Rg5 44. Qb7 Rh5 45. Kd3 Rh3+ 46. Kc4 Rhh4 47. a4 Bg7 48. Qd7 Rxh2 49. a5 Rc2+ 50. Kb3 Rd2 51. Qh3+ Kg8 52. a6 Re2 53. a7 Re8 54. Qg3 Rf1 55. Qg2 Ra1 56. Qc6 Rd8 57. Ba3 Bxd4 58. a8Q Rxa8 59. Qxa8+ Kg7 60. Qf8+ Kg6 61. Qg8+ 1-0

[Event "Avoine op 34th"]
[Site "Avoine"]
[Date "2019.07.27"]
[Round "8"]
[White "Bailet, Pierre"]
[Black "Colin, Vincent"]
[Result "0-1"]
[WhiteElo "2494"]
[BlackElo "2370"]
[PlyCount "87"]
[EventDate "2019.07.20"]
[EventType "swiss"]
[EventRounds "9"]
[EventCountry "FRA"]
[SourceTitle "CBM 191 Extra"]
[Source "ChessBase"]
[SourceDate "2019.09.30"]
[SourceVersion "1"]
[SourceVersionDate "2019.09.30"]
[SourceQuality "1"]

1. Nf3 Nf6 2. g3 g6 3. Bg2 Bg7 4. c4 0-0 5. d4 d6 6. 0-0 Nbd7 7. Nc3 e5 8. e4 a6 9. Be3 exd4 10. Nxd4 Rb8 11. h3 Re8 12. Rb1 Ne5 13. b3 c5 14. Nde2 b5 15. f4 Ned7 16. cxb5 axb5 17. b4 Bb7 18. Qd3 Qe7 19. bxc5 Bxe4 20. Nxe4 Nxe4 21. cxd6 Nxd6 22. Bf2 Nc4 23. Rfe1 Nc5 24. Qd5 Ne3 25. Bxe3 Qxe3+ 26. Kh2 Nd3 27. Rb3 Rbd8 28. Qxb5 Qd2 29. Rxd3 Qxe1 30. Rxd8 Rxd8 31. f5 g5 32. Bf3 Qf2+ 33. Bg2 Bf6 34. Qc6 Qxf5 35. Nc3 Rc8 36. Qd5 Qxd5 37. Nxd5 Kg7 38. Ne3 Be5 39. Be4 Rc3 40. Nf5+ Kf6 41. Kg2 Ra3 42. Bb1 h5 43. Kf2 h4 44. Ke2 0-1

[Event "Avoine op 34th"]
[Site "Avoine"]
[Date "2019.07.26"]
[Round "7"]
[White "Colin, Vincent"]
[Black "Deslandes, Pascal"]
[Result "1-0"]
[WhiteElo "2370"]
[BlackElo "2341"]
[PlyCount "61"]
[EventDate "2019.07.20"]
[EventType "swiss"]
[EventRounds "9"]
[EventCountry "FRA"]
[SourceTitle "CBM 191 Extra"]
[Source "ChessBase"]
[SourceDate "2019.09.30"]
[SourceVersion "1"]
[SourceVersionDate "2019.09.30"]
[SourceQuality "1"]

1. d4 Nf6 2. c4 g6 3. Nc3 Bg7 4. e4 d6 5. f4 0-0 6. Nf3 c5 7. d5 e6 8. Be2 exd5 9. cxd5 Bg4 10. 0-0 Nbd7 11. h3 Bxf3 12. Bxf3 Re8 13. g4 h6 14. h4 h5 15. g5 Ng4 16. Kg2 c4 17. e5 dxe5 18. d6 Nc5 19. Qd5 Nd3 20. Bxg4 hxg4 21. f5 gxf5 22. g6 Qf6 23. gxf7+ Qxf7 24. Rxf5 Nf4+ 25. Bxf4 Qxd5+ 26. Nxd5 exf4 27. Ne7+ Rxe7 28. dxe7 f3+ 29. Kg3 Re8 30. Re1 Bd4 31. Re4 1-0

[Event "Avoine op 34th"]
[Site "Avoine"]
[Date "2019.07.23"]
[Round "4"]
[White "Msellek, Ilyass"]
[Black "Colin, Vincent"]
[Result "1/2-1/2"]
[WhiteElo "2237"]
[BlackElo "2370"]
[PlyCount "90"]
[EventDate "2019.07.20"]
[EventType "swiss"]
[EventRounds "9"]
[EventCountry "FRA"]
[SourceTitle "CBM 191 Extra"]
[Source "ChessBase"]
[SourceDate "2019.09.30"]
[SourceVersion "1"]
[SourceVersionDate "2019.09.30"]
[SourceQuality "1"]

1. e4 c5 2. Nf3 d6 3. d4 cxd4 4. Nxd4 Nf6 5. Nc3 Nc6 6. Bg5 e6 7. Qd2 a6 8. 0-0-0 Bd7 9. f4 b5 10. Bxf6 gxf6 11. Nxc6 Bxc6 12. Qe3 Qe7 13. Bd3 Qa7 14. Qh3 b4 15. Ne2 Qc5 16. Kb1 a5 17. f5 e5 18. b3 h5 19. Bc4 Bxe4 20. Qh4 d5 21. Ng3 Bxc2+ 22. Kxc2 dxc4 23. Ne4 cxb3+ 24. Kxb3 Qe3+ 25. Kb2 Be7 26. Nxf6+ Bxf6 27. Qxf6 Rh6 28. Qg7 Rc6 29. f6 Qa3+ 30. Kb1 b3 31. Qh8+ Qf8 32. Qxh5 bxa2+ 33. Ka1 Rxf6 34. Qxe5+ Qe7 35. Rhe1 Qxe5+ 36. Rxe5+ Re6 37. Rxe6+ fxe6 38. Kxa2 Ke7 39. Kb3 a4+ 40. Ka3 e5 41. g4 Ke6 42. h4 e4 43. g5 Kf5 44. Rf1+ Kg4 45. g6 Kxh4 1/2-1/2

[Event "Sables d'Olonne op 6th"]
[Site "Sables d'Olonne"]
[Date "2019.07.13"]
[Round "1"]
[White "Colin, Vincent"]
[Black "Renault, Jerome"]
[Result "1-0"]
[WhiteElo "2370"]
[BlackElo "2097"]
[PlyCount "83"]
[EventDate "2019.07.13"]
[EventType "swiss"]
[EventRounds "9"]
[EventCountry "FRA"]
[SourceTitle "EXT 2020"]
[Source "ChessBase"]
[SourceDate "2019.10.17"]
[SourceVersion "1"]
[SourceVersionDate "2019.10.17"]
[SourceQuality "1"]

1. Nf3 Nf6 2. c4 c5 3. Nc3 Nc6 4. d4 cxd4 5. Nxd4 g6 6. e4 d6 7. Nc2 Bg7 8. Be2 0-0 9. Be3 b6 10. Qd2 h5 11. f3 Be6 12. 0-0 Kh7 13. Rac1 Ne5 14. b3 Rc8 15. h3 Nc6 16. f4 Bd7 17. Ne1 Ra8 18. Nf3 Qc8 19. Bd3 Kh8 20. Bb1 Ne8 21. Qf2 e5 22. f5 Ne7 23. fxg6 fxg6 24. Qg3 Be6 25. Nh4 Bf7 26. Nd5 Qe6 27. Nxe7 Qxe7 28. Rxf7 Qxf7 29. Nxg6+ Kh7 30. Nxf8+ Bxf8 31. Rf1 Nf6 32. Qg5 Bg7 33. Bd3 Rg8 34. c5 dxc5 35. Bc4 Qe7 36. Rxf6 Qxf6 37. Qxh5+ Bh6 38. Bxg8+ Kxg8 39. Qxh6 Qd8 40. Qg6+ Kh8 41. Bg5 Qd1+ 42. Kh2 1-0

[Event "Saint Quentin op 1st"]
[Site "Saint Quentin"]
[Date "2019.07.08"]
[Round "4"]
[White "Miezis, Normunds"]
[Black "Colin, Vincent"]
[Result "1/2-1/2"]
[WhiteElo "2495"]
[BlackElo "2370"]
[PlyCount "124"]
[EventDate "2019.07.06"]
[EventType "swiss"]
[EventRounds "9"]
[EventCountry "FRA"]
[SourceTitle "CBM 191 Extra"]
[Source "ChessBase"]
[SourceDate "2019.09.30"]
[SourceVersion "1"]
[SourceVersionDate "2019.09.30"]
[SourceQuality "1"]

1. c4 Nf6 2. Nc3 g6 3. g3 Bg7 4. Bg2 0-0 5. e4 e5 6. Nge2 Nc6 7. d3 d6 8. 0-0 Nd7 9. Nd5 Nc5 10. Be3 f5 11. Qd2 fxe4 12. dxe4 Ne6 13. f4 Ncd4 14. Rf2 Nxe2+ 15. Rxe2 c6 16. Nc3 Nd4 17. Rf2 Be6 18. Qd3 a6 19. Ne2 c5 20. Nxd4 exd4 21. Bd2 b5 22. b3 Rb8 23. Raf1 bxc4 24. bxc4 Qf6 25. f5 Bf7 26. h4 gxf5 27. exf5 Bh6 28. Rc1 Rb2 29. Bxh6 Qxh6 30. Re1 Rxf2 31. Kxf2 Bg6 32. Bd5+ Kh8 33. g4 Qxh4+ 34. Qg3 Qxg3+ 35. Kxg3 Bf7 36. Bxf7 Rxf7 37. Re8+ Kg7 38. Rd8 h5 39. Rxd6 hxg4 40. Kxg4 Rc7 41. Kg5 a5 42. a4 Kf7 43. f6 Rb7 44. Kf5 Rb1 45. Rd7+ Ke8 46. Rd5 Kf7 47. Rxc5 d3 48. Rc7+ Ke8 49. Re7+ Kf8 50. Rd7 Rf1+ 51. Ke4 Re1+ 52. Kf4 Rc1 53. Rxd3 Rxc4+ 54. Ke5 Rxa4 55. Rd8+ Kf7 56. Rd7+ Kf8 57. Ra7 Ra1 58. Ke6 Re1+ 59. Kd5 Rf1 60. Ke5 Re1+ 61. Kd4 Rf1 62. Rxa5 Rxf6 1/2-1/2

[Event "Saint Quentin op 1st"]
[Site "Saint Quentin"]
[Date "2019.07.07"]
[Round "2"]
[White "Van Kempen, Roderick"]
[Black "Colin, Vincent"]
[Result "1/2-1/2"]
[WhiteElo "1986"]
[BlackElo "2370"]
[PlyCount "140"]
[EventDate "2019.07.06"]
[EventType "swiss"]
[EventRounds "9"]
[EventCountry "FRA"]
[SourceTitle "CBM 191 Extra"]
[Source "ChessBase"]
[SourceDate "2019.09.30"]
[SourceVersion "1"]
[SourceVersionDate "2019.09.30"]
[SourceQuality "1"]

1. e4 c5 2. c3 d5 3. exd5 Qxd5 4. d4 Nc6 5. Nf3 Bf5 6. Be3 Nf6 7. Na3 e6 8. Be2 Rc8 9. 0-0 cxd4 10. Nxd4 Bxa3 11. bxa3 0-0 12. Nxc6 Qxc6 13. c4 b6 14. Qb3 e5 15. Rac1 Be6 16. Qb2 Nd7 17. Rfd1 f6 18. Qb4 Nc5 19. Rc2 Rfd8 20. Rxd8+ Rxd8 21. Rd2 Rc8 22. a4 a5 23. Qb5 Qc7 24. Rb2 Nd7 25. g3 Kf7 26. Bxb6 Nxb6 27. Qxb6 Qxb6 28. Rxb6 Bxc4 29. Bg4 Rc7 30. Bf3 f5 31. Bc6 g5 32. f3 Bxa2 33. Kf2 Be6 34. Ke3 h5 35. f4 gxf4+ 36. gxf4 e4 37. Be8+ Ke7 38. Bxh5 Rc3+ 39. Kf2 Rh3 40. Be2 Rxh2+ 41. Ke3 Bd7 42. Ra6 Bxa4 43. Rxa5 Bd7 44. Ra7 Kd6 45. Ra5 Bc8 46. Ra8 Kc7 47. Ra5 Kb6 48. Rb5+ Kc6 49. Ra5 Bd7 50. Ra7 Rh3+ 51. Kd4 Rb3 52. Ra6+ Kc7 53. Ra7+ Kd6 54. Ra6+ Ke7 55. Ra7 Rb2 56. Ke3 Kd6 57. Ra5 Rb3+ 58. Kd4 Rb4+ 59. Ke3 Bc8 60. Ra8 Kc7 61. Ra5 Rb6 62. Rc5+ Kd8 63. Re5 Be6 64. Ra5 Ke7 65. Ra2 Bd7 66. Ra5 Rd6 67. Ra6 Rd5 68. Rb6 Ba4 69. Rb4 Bd1 70. Rb5 Rxb5 1/2-1/2

[Event "Saint Quentin op 1st"]
[Site "Saint Quentin"]
[Date "2019.07.06"]
[Round "1"]
[White "Colin, Vincent"]
[Black "Delmont, Jean Robert"]
[Result "1-0"]
[WhiteElo "2370"]
[BlackElo "1823"]
[PlyCount "51"]
[EventDate "2019.07.06"]
[EventType "swiss"]
[EventRounds "9"]
[EventCountry "FRA"]
[SourceTitle "CBM 191 Extra"]
[Source "ChessBase"]
[SourceDate "2019.09.30"]
[SourceVersion "1"]
[SourceVersionDate "2019.09.30"]
[SourceQuality "1"]

1. Nf3 c5 2. e4 d6 3. d4 cxd4 4. Nxd4 Nf6 5. Nc3 g6 6. Be3 Bg7 7. f3 Nc6 8. Qd2 0-0 9. g4 Nxd4 10. Bxd4 Be6 11. Nd5 Bxd5 12. exd5 e6 13. dxe6 fxe6 14. 0-0-0 d5 15. h4 Nd7 16. Bxg7 Kxg7 17. h5 Rh8 18. hxg6 hxg6 19. Rxh8 Qxh8 20. Qc3+ Kf7 21. Qc7 Qc8 22. Qf4+ Kg7 23. Qd4+ Kf7 24. g5 Qh8 25. Qf4+ Kg7 26. Bb5 1-0

[Event "FRA-chT Top 12"]
[Site "Brest"]
[Date "2019.05.19"]
[Round "2.4"]
[White "Colin, Vincent"]
[Black "Degraeve, Jean Marc"]
[Result "1/2-1/2"]
[WhiteElo "2383"]
[BlackElo "2546"]
[PlyCount "114"]
[EventDate "2019.05.18"]
[EventType "team-tourn"]
[EventRounds "11"]
[EventCountry "FRA"]
[SourceTitle "CBM 190 Extra"]
[Source "ChessBase"]
[SourceDate "2019.07.15"]
[SourceVersion "1"]
[SourceVersionDate "2019.07.15"]
[SourceQuality "1"]
[WhiteTeam "Tours Hauts de France St Quentin"]
[BlackTeam "Asnieres"]
[WhiteTeamCountry "FRA"]
[BlackTeamCountry "FRA"]

1. d4 Nf6 2. c4 g6 3. Nc3 Bg7 4. e4 d6 5. f4 0-0 6. Nf3 c5 7. d5 e6 8. Be2 exd5 9. cxd5 Bg4 10. 0-0 Nbd7 11. h3 Bxf3 12. Bxf3 Re8 13. g4 h6 14. h4 Nh7 15. g5 hxg5 16. hxg5 Ndf8 17. Bg2 f6 18. gxf6 Qxf6 19. Be3 Qh4 20. Nb5 Rad8 21. Bf2 Qxf4 22. Bxc5 Qh4 23. Bf2 Qh6 24. Bxa7 Be5 25. Rf2 Nf6 26. Qf3 N8h7 27. Qh3 Qxh3 28. Bxh3 Ng5 29. Bg2 Nfxe4 30. Rc2 Nc5 31. Rf1 Rc8 32. b4 Nd3 33. Rxc8 Rxc8 34. Be3 Nh7 35. a3 Kg7 36. Be4 Nb2 37. Nxd6 Bxd6 38. Bd4+ Kh6 39. Bxb2 Ng5 40. Bg2 Kh5 41. Rf2 Bg3 42. Re2 Kg4 43. Rd2 Bf4 44. Rd3 Rc2 45. Bc3 b5 46. Be1 Nf7 47. Bh3+ Kg5 48. Rc3 Ra2 49. Bf1 Nd6 50. Bg3 Ne4 51. Bxf4+ Kxf4 52. Rd3 Nd6 53. Bg2 g5 54. Rf3+ Ke5 55. Re3+ Kf4 56. Rf3+ Ke5 57. Re3+ Kf4 1/2-1/2

[Event "Rochefort op 18th Op A"]
[Site "Rochefort"]
[Date "2019.02.16"]
[Round "3.11"]
[White "Maisuradze, Nino"]
[Black "Colin, Vincent"]
[Result "0-1"]
[WhiteElo "2186"]
[BlackElo "2382"]
[PlyCount "96"]
[EventDate "2019.02.16"]
[EventType "swiss"]
[EventRounds "9"]
[EventCountry "FRA"]
[SourceTitle "CBM 189 Extra"]
[Source "ChessBase"]
[SourceDate "2019.06.03"]
[SourceVersion "1"]
[SourceVersionDate "2019.06.03"]
[SourceQuality "1"]

1. d4 Nf6 2. Nf3 g6 3. Bf4 d6 4. h3 Bg7 5. e3 0-0 6. Be2 Nfd7 7. Bh2 Nc6 8. c4 e5 9. Nc3 Kh8 10. 0-0 f5 11. Rb1 g5 12. d5 Ncb8 13. e4 Nc5 14. b4 Nxe4 15. Nxe4 fxe4 16. Nd2 a5 17. a3 axb4 18. axb4 Bf5 19. Bg4 Bg6 20. Rb3 Nd7 21. Bh5 Qe8 22. Bxg6 Qxg6 23. Re1 Nf6 24. Qb1 b5 25. c5 Nxd5 26. Qxe4 Nf4 27. Qxg6 hxg6 28. Ne4 Ne2+ 29. Kf1 Nd4 30. Rb2 d5 31. Nxg5 e4 32. Bxc7 Rf5 33. h4 Rxg5 34. hxg5 Ne6 35. Rc2 Nxc7 36. f3 Rf8 37. Ra2 Bc3 38. Rb1 exf3 39. Ra7 fxg2+ 40. Kxg2 Rf7 41. Rf1 Re7 42. Rf8+ Kg7 43. Rd8 Kf7 44. c6 Ke6 45. Ra2 Be5 46. Re2 Rh7 47. Rxe5+ Kxe5 48. Rd7 Rxd7 0-1

[Event "Rochefort op 18th Op A"]
[Site "Rochefort"]
[Date "2019.02.16"]
[Round "9.6"]
[White "Zeng, Chongsheng"]
[Black "Colin, Vincent"]
[Result "1/2-1/2"]
[WhiteElo "2544"]
[BlackElo "2382"]
[PlyCount "66"]
[EventDate "2019.02.16"]
[EventType "swiss"]
[EventRounds "9"]
[EventCountry "FRA"]
[SourceTitle "CBM 189 Extra"]
[Source "ChessBase"]
[SourceDate "2019.06.03"]
[SourceVersion "1"]
[SourceVersionDate "2019.06.03"]
[SourceQuality "1"]

1. e4 c5 2. Nf3 Nc6 3. d4 cxd4 4. Nxd4 e5 5. Nb5 d6 6. N1c3 a6 7. Na3 Be7 8. Be3 b5 9. Nd5 Rb8 10. c4 b4 11. Nc2 Nf6 12. f3 b3 13. axb3 Rxb3 14. Qc1 0-0 15. Be2 Nxd5 16. cxd5 Nd4 17. Nxd4 exd4 18. Bxd4 Bh4+ 19. g3 Bf6 20. Qc4 Rb8 21. 0-0 Bd7 22. Qc3 Bxd4+ 23. Qxd4 a5 24. Rfc1 f5 25. exf5 Bxf5 26. Kg2 Qb6 27. Qxb6 Rxb6 28. Ra2 Rfb8 29. Kf1 Rxb2 30. Rca1 Rxa2 31. Rxa2 Ra8 32. Bb5 Kf8 33. Ke2 Ke7 1/2-1/2